Quizzes
Events
Quiz Creation
Community
Videos
Private Events
Remove Ads
Sign In
Join for FREE
Feedback
Dark Mode
Quiz Categories
Sports
Geography
Music
Movies
Television
Just For Fun
Miscellaneous
History
Literature
Language
Science
Gaming
Entertainment
Religion
Holiday
For Kids
Quiz Lab
Recent
Popular Today
Quiz Kudos Today
Editor Picks
Curator Picks
Quizzes by...
Day
Popularity
Type
Ratings
Length
Year
Community
Subscriptions
Recent Discussions
Orange Saloon
Badges
Playlists
Quests
Create
Leaderboards
Showdown
Live 5
Trivia Bingo
Activity
Puzzle Library
Sporcle Events
Private Events
Virtual Trivia
Globe League
Become a Host
Pub Owners
SporcleCon
Opinionation
Our Games
Videos
Blog
Mobile Apps
Partnerships
Remove Ads and Go Orange
Feedback
Television
TV Characters
TV Show
Sitcom
Network
Friends
Reality Shows
Cast
South Park
Star Trek
The Simpsons
Doctor Who
Television
TV Characters
TV Show
Sitcom
Network
Friends
Reality Shows
Cast
South Park
Star Trek
The Simpsons
Doctor Who
Random Quiz
Search Sporcle
×
Quiz Lab
Quiz Lab
Television
Show
Type in answers that appear in a list
Type in answers that appear in a list
Classic
Best Score? Go Orange.
Mary Tyler Moore Show: Theme Stats
Can you name the words for the Mary Tyler Moore Show: Theme?
By
kellkris
6m
127 Questions
326 Plays
326 Plays
326 Plays
Comments
Comments
Give Quiz Kudos
Give Quiz Kudos
-
- Ratings
hide this ad
Replay
Link that replays current quiz
Next Quiz
Link to next quiz in quiz playlist
You Got
0%
They Got
Avg Score
82%
Avg Friend Score
Upgrade to see
Score Distribution
Jump to the score distribution portion of the page
Score
0/127
Timer
06:00
0
Plays Today
% Correct
it
96.6%
it
96.6%
it
96.6%
it
96.6%
it
96.6%
it
96.6%
it
96.6%
it
96.6%
it
96.6%
it
96.6%
it
96.6%
you
96.3%
you
96.3%
you
96.3%
You
96.3%
you
96.3%
you
96.3%
you
96.3%
you
96.3%
the
95.7%
a
95.7%
and
95.7%
and
95.7%
and
95.7%
a
95.7%
make
95.4%
make
95.4%
make
95.4%
make
95.4%
make
95.4%
make
95.4%
all
94.8%
all
94.8%
all
94.8%
all
94.8%
all
94.8%
all
94.8%
all
94.8%
all
94.8%
on
93.9%
on
93.9%
world
92.9%
world
92.9%
% Correct
can
92.3%
can
92.3%
can
92.3%
take
91.4%
take
91.4%
Who
91.1%
Who
91.1%
with
90.8%
With
90.8%
is
90.5%
is
90.5%
is
90.5%
no
90.2%
no
90.2%
smile
89.9%
after
89.9%
after
89.9%
after
89.9%
after
89.9%
it's
89.3%
girl
89.3%
girl
89.3%
it's
89.3%
It's
89.3%
Love
89%
Love
89%
turn
88.7%
know
88.7%
her
88%
around
88%
around
88%
to
87.4%
to
87.4%
your
86.8%
should
86.5%
day
86.2%
gonna
85.9%
gonna
85.9%
gonna
85.9%
gonna
85.9%
seem
84.4%
worthwhile
84.4%
nothing
83.7%
% Correct
suddenly
83.1%
Well
82.8%
every
82.8%
show
82.5%
You're
80.7%
You're
80.7%
you're
80.7%
do
80.7%
You're
80.7%
You're
80.7%
little
79.4%
need
79.4%
need
79.4%
each
79.1%
movement
76.7%
why
74.8%
don't
74.5%
glance
71.5%
have
64.7%
own
63.8%
waste
63.2%
waste
63.2%
This
54%
this
54%
town
52.1%
time
50.9%
time
50.9%
time
50.9%
alone
47.9%
big
46.9%
will
45.7%
How
45.4%
some
44.5%
let
42%
living
41.7%
awfully
41.1%
started
40.5%
else
40.2%
giving
39.9%
someone
39.3%
But
35.9%
Quiz Playlist
Details
Report
Send in Message
Add To Playlist
Classic:
Type in answers that appear in a list
Last Updated: Jun 22, 2022
Quiz Scoreboard
CHALLENGE
Sign Up to Join the Scoreboard
Show All
Scores
Hide
Comments
May contain spoilers
Recently Published
9x9 Crossword: Cartoon Network
by jackfrog10
Miscellaneous
3m
College Basketball Coaching Resumes
by pancakes188
Sports
9m
Billboard Blitz: Fleetwood Mac
by CooCooCachoo
Music
15s
More to Explore
Quiz From the Vault
Featured Blog Post
Where Did the Easter Bunny Come From?
hide this ad
You Might Also Like...
Tags
Show Quiz
Mary
moore
theme
Tyler
Today's Top Quizzes in Television
Browse Television
hide this ad
Today's Top Quizzes in Show
Browse Show
Top Contributed Quizzes in Television
1
5-to-1: The Simpsons Families
2
5-to-1: Television Doctors
3
7-to-1: TV Show Settings
4
Adjectives in 00s TV Shows
5
Adjectives in 80s TV Shows
6
5-to-1: Streaming Originals
7
Adjectives in 10s TV Shows
8
Survivor Seasons
9
One Piece Logic Puzzle
10
All US Survivor Seasons in Order
Explore More
Trending Topics
NBA
Disney
Marvel
Anime
Harry Potter
Crossword
Kpop
Pokémon
NFL
Song
The Office
Country
Soccer
Puzzle
WWE
hide this ad
More By:
kellkris
Quiz
Plays
Rating
Category
Featured
Created
Six Million Dollar Man Intro
8,857
4.47
Television
Jul 17, 2012
Word Ladder: Three Letter Biblical Names
4,604
4.58
Just For Fun
Jul 23, 2023
Word Ladder: Red Sox Manager
4,568
4.32
Just For Fun
Nov 13, 2021
Word Ladder: Cabaret's Emcee
4,425
4.27
Just For Fun
Nov 2, 2021
Missing Word: A-Z Names by Definition
3,463
4.67
Just For Fun
Feb 8, 2023
Go to Creator's Profile
Score Distribution
Quiz Creator Spotlight
kellkris
Follow
Send a Message
Quizzes Created
-
Created Quiz Play Count
-
More By This Creator
Popular Quizzes Today
1
Find the US States - No Outlines Minefield
2
Find the Countries of Europe - No Outlines Minefield
3
The Countries of the World
4
Find the US States
5
Risky Map Clicking: Biggest States A-Z
6
US States
7
Popular People in 1961
8
Movies - When Are They Set?
More Television Quizzes
The Ladies of Laughter
Curator's Pick
Trending Quizzes
Risky Map Clicking: Least Populous States A-Z
1-10 Letter G Words
1-10 Letter F Words
Risky Map Clicking: Next State Alphabetically
Adjectives in 80s TV Shows
Recently Updated
Leaping Animals
pecheneg
Reality TV Shows (A-Z)
bhenderson79
Rickey Henderson's Hall of Fame Teammates
pecheneg
Champions League XIs: Arsenal
pecheneg
Quick Pick: Celebrities in WWE's Hall of Fame
aduchscher
A-Z Keypad Blitz II
pecheneg
Multiple Oscar Actors
pecheneg
Mystery Phrase Blitz: Oscar 'Best Actors'
pecheneg
F. Scott Fitzgerald Novels
LTH
Pick 3 Villains
ddd62291
Trending Topics
Anime
NBA
Kpop
Crossword
Marvel
Harry Potter
Disney
Soccer
The Office
Song
Puzzle
Country
WWE
Pokémon
NFL
Your Account Isn't Verified!
In order to create a playlist on Sporcle, you need to verify the email address you used during registration. Go to your
Sporcle Settings
to finish the process.
Report this User
Report this user for behavior that violates our
Community Guidelines
.
Details:
Send Report
Go to the Sporcle.com Mobile Site →
Comments